| 000 | 00430 a2200169 4500 | ||
|---|---|---|---|
| 005 | 20260410120345.0 | ||
| 008 | 260410b |||||||| |||| 00| 0 eng d | ||
| 020 | _a9783031887390 | ||
| 040 | _cSDCL | ||
| 041 |
_2eng _aeng |
||
| 084 | _aX:72 R5 | ||
| 100 |
_aLeo, Ferraris _91234640 |
||
| 245 |
_aMacroeconomic Theory : _bA Primer |
||
| 260 |
_aSwitzerland : _bSpringer, _c2025. |
||
| 300 | _axiv, 264p. | ||
| 942 |
_cTEXL _2CC |
||
| 999 |
_c1848184 _d1848184 |
||